[Event "BCF-chT4S 1617 (4NCL)"]
[Site "England"]
[Date "2017.03.19"]
[Round "8.122"]
[White "Atalla, George"]
[Black "Akeya Price, Robert A"]
[Result "0-1"]
[WhiteElo "1547"]
[BlackElo "1694"]
[PlyCount "104"]
[EventDate "2016.11.26"]
[EventType "team-swiss"]
[EventRounds "11"]
[EventCountry "ENG"]
[SourceTitle "EXT 2019"]
[Source "ChessBase"]
[SourceDate "2018.10.10"]
[SourceVersion "1"]
[SourceVersionDate "2018.10.10"]
[SourceQuality "1"]
[WhiteTeam "Barnet Knights III"]
[BlackTeam "Wood Green III"]
[WhiteTeamCountry "ENG"]
[BlackTeamCountry "ENG"]

1. d4 Nf6 2. Nf3 e6 3. g3 b6 4. Bg2 Bb7 5. 0-0 d5 6. b3 Nbd7 7. Bb2 Be7 8. Nbd2 0-0 9. c4 c5 10. Rc1 Rc8 11. e3 Ba6 12. Re1 b5 13. Ne5 Nb6 14. Bf1 b4 15. Bg2 Rc7 16. e4 dxc4 17. Ndxc4 Nxc4 18. Nxc4 cxd4 19. Qxd4 Qxd4 20. Bxd4 Rfc8 21. e5 Nd5 22. Bf1 Bb7 23. Ra1 Nc3 24. Bxc3 bxc3 25. Rac1 Bd5 26. Red1 Bb4 27. Ra1 c2 28. Rdc1 Bc3 29. Nd6 Bxa1 30. Nxc8 Rxc8 31. Rxa1 c1Q 32. Rxc1 Rxc1 33. f4 Ra1 34. a3 Bxb3 35. Kg2 Rxa3 36. g4 a5 37. f5 a4 38. Bb5 Ra2+ 39. Kh3 a3 40. f6 Rb2 41. fxg7 Kxg7 42. Kg3 a2 43. h3 a1Q 44. Kf3 Bd5+ 45. Kg3 Qa3+ 46. Kh4 Rh2 47. Bf1 Qf3 48. Kh5 Rxh3+ 49. Bxh3 Qxh3+ 50. Kg5 Qg3 51. Kh5 Bf3 52. Kg5 Qxg4# 0-1

[Event "BCF-chT4S 1617 (4NCL)"]
[Site "England"]
[Date "2017.03.18"]
[Round "7.111"]
[White "Atalla, George"]
[Black "Balouka Myers, Raphael"]
[Result "0-1"]
[WhiteElo "1547"]
[BlackElo "1480"]
[PlyCount "70"]
[EventDate "2016.11.26"]
[EventType "team-swiss"]
[EventRounds "11"]
[EventCountry "ENG"]
[SourceTitle "EXT 2019"]
[Source "ChessBase"]
[SourceDate "2018.10.10"]
[SourceVersion "1"]
[SourceVersionDate "2018.10.10"]
[SourceQuality "1"]
[WhiteTeam "Barnet Knights III"]
[BlackTeam "Barnet Knights IV"]
[WhiteTeamCountry "ENG"]
[BlackTeamCountry "ENG"]

1. d4 Nf6 2. Nf3 g6 3. g3 d6 4. Bg2 Bg7 5. 0-0 0-0 6. b3 Qe8 7. Bb2 Nc6 8. Nbd2 e5 9. dxe5 dxe5 10. Nc4 Nd7 11. Rb1 f5 12. Ba3 Rf7 13. Ng5 Rf6 14. Qd5+ Kh8 15. Bb2 h6 16. Nh3 g5 17. f4 gxf4 18. gxf4 Rg6 19. Nxe5 Ndxe5 20. Bxe5 Nxe5 21. fxe5 Bxe5 22. e4 fxe4 23. Qxe4 Bxh3 24. Rf2 Bxh2+ 25. Kxh2 Qxe4 26. Bxh3 Rag8 27. Rbf1 Qe5+ 28. Rf4 Qg5 29. R4f3 h5 30. Rd3 Qe5+ 31. Kh1 Qe4+ 32. Rff3 Rg1+ 33. Kh2 Qe2+ 34. Rf2 Qxf2+ 35. Bg2 Qxg2# 0-1

[Event "BCF-chT4S 1617 (4NCL)"]
[Site "England"]
[Date "2017.01.15"]
[Round "4.65"]
[White "Green, Emily"]
[Black "Atalla, George"]
[Result "1/2-1/2"]
[WhiteElo "1795"]
[BlackElo "1547"]
[PlyCount "113"]
[EventDate "2016.11.26"]
[EventType "team-swiss"]
[EventRounds "11"]
[EventCountry "ENG"]
[SourceTitle "EXT 2019"]
[Source "ChessBase"]
[SourceDate "2018.10.10"]
[SourceVersion "1"]
[SourceVersionDate "2018.10.10"]
[SourceQuality "1"]
[WhiteTeam "Wood Green II"]
[BlackTeam "Barnet Knights II"]
[WhiteTeamCountry "ENG"]
[BlackTeamCountry "ENG"]

1. Nf3 d5 2. c4 e6 3. b3 Nf6 4. g3 Be7 5. Bg2 0-0 6. 0-0 b6 7. Bb2 Bb7 8. d4 c5 9. e3 Nc6 10. Qc2 Rc8 11. dxc5 Nb4 12. Qe2 Bxc5 13. a3 Nc6 14. b4 Be7 15. Rd1 Qc7 16. cxd5 Nxd5 17. Nc3 Nf6 18. Rac1 Qb8 19. Nb1 Nd5 20. b5 Na5 21. Be5 Qa8 22. a4 Nb3 23. Rxc8 Rxc8 24. Ne1 Bf6 25. Bxd5 Bxd5 26. Bxf6 gxf6 27. Qb2 Kg7 28. Nc3 Bc4 29. f3 Rd8 30. Qc2 Qc8 31. Rxd8 Qxd8 32. Nb1 Qd5 33. Na3 Qd2 34. Qxd2 Nxd2 35. Nxc4 Nxc4 36. Nd3 Nxe3 37. Kf2 Nd5 38. Nb2 Kf8 39. Ke2 Ke7 40. Kd3 Kd6 41. Kd4 e5+ 42. Ke4 Kc5 43. Nd3+ Kc4 44. Nb2+ Kb3 45. Kxd5 Kxb2 46. f4 e4 47. Kxe4 Kb3 48. Kf5 Kxa4 49. Kxf6 Kxb5 50. Kxf7 a5 51. f5 a4 52. Kg8 a3 53. f6 a2 54. f7 a1Q 55. f8Q Qa2+ 56. Kh8 Qb2+ 57. Kg8 1/2-1/2

[Event "BCF-chT3 1415 (4NCL)"]
[Site "England"]
[Date "2015.05.03"]
[Round "10.49"]
[White "Patrick, David A"]
[Black "Atalla, George"]
[Result "1-0"]
[WhiteElo "1876"]
[BlackElo "1525"]
[PlyCount "75"]
[EventDate "2015.03.21"]
[EventType "team-swiss"]
[EventRounds "11"]
[EventCountry "ENG"]
[SourceTitle "EXT 2016"]
[Source "ChessBase"]
[SourceDate "2015.10.08"]
[SourceVersion "1"]
[SourceVersionDate "2015.10.08"]
[SourceQuality "1"]
[WhiteTeam "Bradford DCA Knights II"]
[BlackTeam "Barnet Knights III"]
[WhiteTeamCountry "ENG"]
[BlackTeamCountry "ENG"]

1. e4 c5 2. c3 Nc6 3. d4 e6 4. Nf3 d5 5. e5 Qc7 6. Be2 f6 7. exf6 Nxf6 8. 0-0 Bd6 9. Na3 a6 10. Nc2 0-0 11. Be3 Ng4 12. h3 Nxe3 13. fxe3 Bd7 14. Nce1 Rf6 15. Nd3 b6 16. Nf2 Raf8 17. e4 cxd4 18. cxd4 Rf4 19. e5 Be7 20. Rc1 Qa7 21. g3 R4f5 22. Kg2 b5 23. Ng4 Bd8 24. Bd3 R5f7 25. Bb1 h6 26. Bg6 Re7 27. Bb1 Bb6 28. Qd3 Rf5 29. Nh4 Nb4 30. Qb3 Rxf1 31. Rxf1 a5 32. a3 g5 33. Nf6+ Kg7 34. axb4 gxh4 35. Qd3 Kh8 36. Qg6 Qb8 37. Qxh6+ Rh7 38. Qxh7# 1-0